Statistics for The biggest movie quiz you can get

Click here to take the quiz!

General Stats

  • This quiz has been taken 17 times
  • The average score is 44 of 131

Answer Stats

HintAnswer% Correct
19682001: A Space Odyssey
73%
1975Jaws
73%
1960Psycho
73%
1994Pulp Fiction
73%
1982E.T
67%
2010Inception
67%
1963The Birds
67%
1971A Clockwork Orange
60%
1996Fargo
60%
1994Forrest Gump
60%
2009Inglourious Basterds
60%
1993Jurassic Park
60%
1992Reservoir Dogs
60%
1976Taxi Driver
60%
2020Tenet
60%
2008The Dark Knight
60%
1985Back to the Future
53%
2005Batman Begins
53%
2012Django Unchained
53%
1999Eyes Wide Shut
53%
1999Fight Club
53%
1997Jackie Brown
53%
2003Kill Bill
53%
1993Schindlers List
53%
1995Seven
53%
2000Snatch
53%
2012The Dark Knight Rises
53%
2019The Irishman
53%
1995Casino
47%
1977Close Encounters of the Third Kind
47%
1987Full Metal Jacket
47%
2017Get Out
47%
2014Interstellar
47%
2016La La Land
47%
2000Memento
47%
2019Once upon a time in Hollywood
47%
1980Raging Bull
47%
1954Rear Window
47%
2015The Hateful Eight
47%
1980The Shining
47%
2017Baby Driver
40%
1991Cape Fear
40%
2009Fantastic mr. Fox
40%
2002Gangs of New York
40%
1990Goodfellas
40%
2007No Country for Old Men
40%
1959North by Northwest
40%
1998Pi
40%
1948Rope
40%
1998Saving Private Ryan
40%
1998The Big Lebowski
40%
2006The Departed
40%
2001The Royal Tenenbaums
40%
2019Us
40%
1958Vertigo
40%
1992Alien 3
33%
2000Cast Away
33%
2007Death Proof
33%
2017Dunkirk
33%
2007Hot Fuzz
33%
2002Insomnia
33%
2004Life Aquatic
33%
1998Lock Stock and two Smoking Barrels
33%
2023Oppenheimer
33%
1957Paths of Glory
33%
1981Raiders of the Lost Ark
33%
1998Rushmore
33%
2004Shaun of the Dead
33%
2001Spirited Away
33%
2014The Grand Budapest Hotel
33%
2006The Prestige
33%
2013The Wolf of Wallstreet
33%
2014Whiplash
33%
2022Babylon
27%
2010Black Swan
27%
1964Dr. Strangelove
27%
2014Gone Girl
27%
2011Hugo
27%
2018Isle of Dogs
27%
2012Moonrise Kingdom
27%
2022Nope
27%
1997Princess Mononoke
27%
2000Requiem for a Dream
27%
2010Shutter Island
27%
1985The Color Purple
27%
2021The French Dispatch
27%
1997The Game
27%
2019The Gentlemen
27%
1982The King of Comedy
27%
1989The Last Crusade
27%
2004The Polar Express
27%
1984The Temple of Doom
27%
2007Zodiac
27%
1996Bottle Rocket
20%
2002Catch me if you can
20%
2018First Man
20%
2012Flight
20%
2004Howls Moving Castle
20%
2008Kingdom of the Crystal Skull
20%
2022Pinocchio
20%
2008Ponyo
20%
2009Sherlock Holmes
20%
2010The Social Network
20%
2008The Wrestler
20%
2010True Grit
20%
2021West Side Story
20%
2019Aladdin
13%
1975Barry London
13%
2012Lincoln
13%
2017Mother!
13%
2014Noah
13%
2010Scott Pilgrim Vs the World
13%
2004The Aviator
13%
2007The Darjeeling Limited
13%
2004The Terminal
13%
2022The Whale
13%
1985After Hours
7%
2009A Serious Man
7%
2007Grindhouse
7%
2017King Arthur
7%
1988My Neighbor Totoro
7%
2000O Brother, where are Thou?
7%
2015The Audition
7%
2016The BFG
7%
1988The last Temptation of Christ
7%
2015The Man from UNCLE
7%
1956The Wrong Man
7%
2011Tintin
7%
2021Wrath of Man
7%
2008The Curious Cage of Benjamin Button
0%
2011The Girl with the Dragon Tatoo
0%

Score Distribution

Percentile by Number Answered

Percent of People with Each Score

Your Score History

You have not taken this quiz